<?xml version="1.0" encoding="UTF-8"?>
<marc:record xmlns:marc="http://www.loc.gov/MARC21/slim">
   <marc:leader>00000nam a2200000 a 4500</marc:leader>
   <marc:datafield ind1="1" ind2=" " tag="100">
      <marc:subfield code="a">Sommerfeld, Helene</marc:subfield>
      <marc:subfield code="4">aut</marc:subfield>
      <marc:subfield code="e">Verfasser/-in</marc:subfield>
   </marc:datafield>
   <marc:datafield ind1=" " ind2=" " tag="653">
      <marc:subfield code="a">Saga</marc:subfield>
   </marc:datafield>
   <marc:datafield ind1="0" ind2="0" tag="245">
      <marc:subfield code="a">Das Licht der Welt</marc:subfield>
   </marc:datafield>
   <marc:datafield ind1=" " ind2="1" tag="264">
      <marc:subfield code="b">Rowohlt Taschenbuch Verl. GmbH.</marc:subfield>
      <marc:subfield code="c">2018</marc:subfield>
   </marc:datafield>
   <marc:datafield ind1="1" ind2=" " tag="490">
      <marc:subfield code="a">Die Ärztin</marc:subfield>
   </marc:datafield>
   <marc:datafield ind1="1" ind2=" " tag="520">
      <marc:subfield code="a">Brandenburg, 1876: Aufgewachsen auf Schloss Freystetten als Tochter des Gärtners, scheint der Weg der 13-jährigen Ricarda vorgezeichntet. Ihr Schicksal wendet sich schlagartig, als sie der Tochter des Grafen das Leben rettet. Zum Dank darf das Mädchen bei Komtess Henriette in Berlin leben. In ihrem imposanten Domizil unter den Linden gehen die Damen der Gesellschaft aus und ein. Aber schon bald lernt Richarda die Schattenseiten der Kaiserstadt kenne. </marc:subfield>
   </marc:datafield>
   <marc:datafield ind1=" " ind2=" " tag="020">
      <marc:subfield code="a">9783499273995</marc:subfield>
      <marc:subfield code="9">9783499273995</marc:subfield>
   </marc:datafield>
</marc:record>
